Mejorar los servicios de salud: ¿es posible? /

Guardado en:
Bibliografiske detaljer
Hovedforfatter: Cruz Calivá, Juan de la
Format: Texto
Fag:
Tags: Tilføj Tag
Ingen Tags, Vær først til at tagge denne postø!

MARC

LEADER 00000 a a2200000 04500
001 8195
003
040
100 |a Cruz Calivá, Juan de la  
245 |a Mejorar los servicios de salud:   |b ¿es posible? /  |c Juan de la Cruz Calivá 
650 |a SEGURIDAD SOCIAL  
650 |a SERVICIOS DE SALUD  
650 |a ADMINISTRACION DE LA SALUD  
650 |a COSTA RICA  
773 |g número 2; páginas 14-16  
999 |c 30669  |d 30669